000 01246nam a2200301 i 4500
001 bg
100 1 _aTRYFAN, Barbara
245 1 0 _aKobiety wiejskie wobec zmian systemowych /
_cBarbara Tryfan, Andrzej Rosner, Beata Pięcek ; Polska Akademia Nauk. Instytut Rozwoju Wsi i Rolnictwa.
260 _aWarszawa :
_bPAN. IRWiR,
_c2003.
300 _a153 s. :
_btab. ;
_c24 cm.
490 1 _aProblemy Rozwoju Wsi i Rolnictwa
500 _aStreszcz. ang.
650 9 _aKobieta wiejska
_xsocjologia
_zPolska
_yod 1989 r.
651 9 _aGietrzwałd (woj. warmińsko-mazurskie ; okręg)
_xsocjologia
_yod 1989 r.
651 9 _aSiemiatycze (woj. podlaskie ; okręg)
_xsocjologia
_yod 1989 r.
651 9 _aTarłów (woj. świętokrzyskie ; okręg)
_xsocjologia
_yod 1989 r.
700 1 _aROSNER, Andrzej
700 1 _aPIĘCEK, Beata
830 _aProblemy Rozwoju Wsi i Rolnictwa
020 _a8385369643
040 _cBPK
041 0 _apol
_beng
080 _a316.346.2-055.2:316.334.55](438)"1989/..."
920 _a83-85369-64-3
942 _cKS
008 s pl f |000 0 pol
999 _c44034
_d44034
856 _uhttp://koha.tu.koszalin.pl/cgi-bin/koha/opac-detail.pl?biblionumber=44034
_yKatalog online BPK